Dostanú sa dobrí ľudia do pekla?

Bibliographic Details
Main Author: Naegeli, Urs-Heinz 1957- (Author)
Other Authors: Viselka, Martin (Translator), Viselková, Alžbeta (Translator), Suchánska, Marcela (Translator)
Format: Book
Language:Slovak
PhysicalDescription:74 s. fotogr. 19 cm
Published: Levice Ježiš pre každého 1999
ISBN:8096815903
Edition:2. dopl. a prepr. vyd.
Subjects:

MARC

LEADER 00000nam a2200000 a 4500
001 vtls001365649
003 SK-MaSNL
005 20260301182950.0
008 251031s1999 xo a r 0 slo
015 |a SNBA1999/09-03242 
020 |a 8096815903 
035 |a SNK000319304 
040 |a SNK  |b slo  |c SNK  |e AACR2 
041 0 |a slo 
044 |a xo  |c SK 
080 |a 234  |2 1981 
100 1 |a Naegeli, Urs-Heinz  |d 1957-  |4 aut  |9 514506 
240 1 0 |a Wir kommen alle, alle in den Himmel!  |l Slovensky 
245 1 |a Dostanú sa dobrí ľudia do pekla?  |c Urs-Heinz Naegeli ; [preklad: Martin Viselka, Alžbeta Viselková, Marcela Suchánska] 
250 |a 2. dopl. a prepr. vyd. 
260 |a Levice  |b Ježiš pre každého  |c 1999 
300 |a 74 s.  |b fotogr.  |c 19 cm 
500 |a Údaj o prekl. prevzatý z rubu tit. strany 
650 0 7 |a spasenie  |x úvahy  |2 SNK  |9 380241 
655 7 |a príručky  |2 SNK  |9 74364 
700 1 |a Viselka, Martin  |4 trl  |9 338466 
700 1 |a Viselková, Alžbeta  |4 trl  |9 514507 
700 1 |a Suchánska, Marcela  |4 trl  |9 47033 
730 |t Wir kommen alle, alle in den Himmel!  |9 557586 
919 |a 80-968159-0-3 
958 |a TL 
958 |a OP 
958 |a NS 
958 |a DE 
958 |a NT 
968 |b DT 
999 |c 855374  |d 857304 
952 |t P60, <03>, [BOOK], {603}  |a SNK  |b SNK  |y PREZ  |7 0  |p 17A0197167  |o snkSD 70125  |i snkKSP 6546/99  |0 0  |1 0  |4 0  |d 1999-06-14  |l 0  |r 2005-01-02 00:00:00  |w 2026-02-24 
952 |t P60, <04>, [BOOK], {604}  |a SNK  |b SNK  |y VYP  |7 0  |p 17A0197168  |o snkSD 70125 D1  |i snkKSP 6547/99  |0 0  |1 0  |4 0  |d 1999-06-14  |l 0  |r 2005-01-02 00:00:00  |w 2026-02-24